Beknopte Nederduitsche spraekleer/Abrégé de la grammaire flamande

Guardado en:
Detalles Bibliográficos
Autor principal: HEREMANS [Jakob Frans Johan] Professor aen 't Koninklyk Athenaeum van Gent/Professeur à l'Athénée royal de Gand
Formato: Desconocido
Lenguaje:neerlandés
Publicado: Gand H. Hoste, boekhandelaer/Drukkery van I. S. Van Doosselaere/H. Hoste, libraire/Imprimerie de I. S. Van Doosselaere 1855
Edición:vyfde uitgave/cinquième édition
Catálogo:MANES:  Resultados de Búsqueda del Catálogo
Clasificación de libros de texto:
Materias:
Etiquetas: Agregar Etiqueta
Sin Etiquetas, Sea el primero en etiquetar este registro!
Añadido a:2016-04-26

MARC

LEADER 000000000a22000000004500
001 23458
008 160427s be ||||| |||| 00| 0 dut d
040 |a manes  |c manes 
041 |a Neerlandés 
100 1 |a HEREMANS [Jakob Frans Johan]  |b Professor aen 't Koninklyk Athenaeum van Gent/Professeur à l'Athénée royal de Gand 
245 0 0 |a Beknopte Nederduitsche spraekleer/Abrégé de la grammaire flamande 
250 |a vyfde uitgave/cinquième édition 
260 3 |a Gand  |b H. Hoste, boekhandelaer/Drukkery van I. S. Van Doosselaere/H. Hoste, libraire/Imprimerie de I. S. Van Doosselaere  |c 1855 
300 |a 124 p. 
546 |a Bélgica 
650 7 |a Lenguaje 
655 7 |a Secundaria 
942 |2 ddc  |c BK 
999 |c 45786  |d 45786 
999 |c manes:45786  |d 45786